00418nam a2200133Ia 450000500170000000800460001703700120006304000210007504100130009608400250010924500810013426000590021530000100027420250508155459.0008 250505s9999 xx 000 0 eng d aTextual aFEDL bengcFEDL aeng2eng a372.95412, BIHqFEDL 0aReport of the Bihar education re-organisation committee on primary education aBihar, IndiabSuperintendent Government Printingc1940 a243p.